|
|
|
|
| LEADER |
01290nam a2200301 a 4500 |
| 001 |
27981 |
| 003 |
BD-DhAAL |
| 005 |
20140331145628.0 |
| 008 |
140331s1990 dcu b 001 0 eng d |
| 010 |
|
|
|a 90036533
|
| 020 |
|
|
|a 0895265397 (alk. paper) :
|
| 040 |
|
|
|a DLC
|c DLC
|d DLC
|d BD-DhAAL
|
| 041 |
|
|
|a eng
|
| 050 |
0 |
0 |
|a LA227.3
|b .S92 1990
|
| 082 |
0 |
0 |
|a 378.73
|2 20
|
| 100 |
1 |
|
|a Sykes, Charles J.,
|d 1954-
|9 4209
|
| 245 |
1 |
4 |
|a The hollow men :
|b politics and corruption in higher education /
|c Charles J. Sykes.
|
| 260 |
|
|
|a Washington, D.C. :
|b Regnery Gateway ;
|a Lanham, MD :
|b Distributed to the trade by National Book Network,
|c c1990.
|
| 300 |
|
|
|a xii, 356 p. ;
|c 24 cm.
|
| 504 |
|
|
|a Includes bibliographical references (p. 315-344) and index.
|
| 541 |
|
|
|e 27981
|
| 610 |
2 |
0 |
|a Dartmouth College
|x Curricula.
|9 4210
|
| 650 |
|
0 |
|a Education, Higher
|z United States.
|9 2835
|
| 650 |
|
0 |
|a Universities and colleges
|x Curricula
|z United States.
|9 4211
|
| 942 |
|
|
|2 ddc
|c BK
|
| 955 |
|
|
|a pc17 to he00 04-10-90; he06 04-11-90; he11 04-11-90; he03 04-16-90; CIP ver. he05 12-17-90
|
| 999 |
|
|
|c 14263
|d 14263
|
| 952 |
|
|
|0 0
|1 0
|2 ddc
|4 0
|6 378_730000000000000_SYK
|7 0
|9 24092
|a BRACUL
|b BRACUL
|c GEN
|d 2014-03-31
|e Trim Education
|g 2075.00
|l 2
|m 11
|o 378.73 SYK
|p 3010027981
|r 2019-02-24
|s 2018-12-17
|t 1
|w 2014-03-31
|y BK
|